| 000 | 00501cam a2200193ua 4500 | ||
|---|---|---|---|
| 001 | 1065 | ||
| 008 | 110427n ii |||gr||||Z||||||eng | ||
| 020 | _a81-202-88-16-5 | ||
| 040 | _cMAIN | ||
| 082 | _a343.0745 | ||
| 245 | 1 |
_aRural developement of India. _cBy Namita Dutta. |
|
| 250 | _a1st. | ||
| 260 |
_aNew Delhi.: _bSaraswati prakashan., _c2009. |
||
| 300 |
_a208 p.: _c20 cm. |
||
| 653 | _aPolitical science. | ||
| 653 | _aRural developement in India. | ||
| 700 | 1 | _aDutta, Namita., | |
| 942 | _cBK | ||
| 999 |
_c981 _d981 |
||